| 000 | 00767nam a22001937a 4500 | ||
|---|---|---|---|
| 003 | NUST-PNEC | ||
| 005 | 20170116180712.0 | ||
| 008 | 141015b xxu||||| |||| 00| 0 eng d | ||
| 020 | _a1566766060 | ||
| 040 | _cPNEC | ||
| 082 | _a620.11805 GIB | ||
| 100 |
_9590 _aGibson, Ronald F. |
||
| 245 |
_aProceedings of the American Society for Composites Twelfth Technical Conference : October 6-8, Dearborn Inn, Dearborn, Michigan _cAmerican Society for Composites |
||
| 260 |
_aLancaster, Pa. : _bTechnomic Pub. Co., _c c1997. |
||
| 300 |
_axix, 1198 p. : _bill. ; _c29 cm. |
||
| 500 | _aIncludes Index http://www.amazon.com/s/ref=nb_sb_noss?url=search-alias%3Dstripbooks&field-keywords=1566766060+&rh=n%3A283155%2Ck%3A1566766060+ | ||
| 650 | _xME | ||
| 942 |
_2ddc _cBK |
||
| 999 |
_c61021 _d61021 |
||